[Event "Int. Stuttgarter Stadtmeisterschaft B"]
[Site "Ditzingen"]
[Date "2019.06.01"]
[Round "5.18"]
[White "Reichardt, Bernd"]
[Black "Knolmayer, Volker"]
[Result "1-0"]
[WhiteElo "1750"]
[BlackElo "1634"]
[PlyCount "143"]
[EventDate "2019.??.??"]
[WhiteTeam "SF MarkgrÃ¤flerland e."]
[BlackTeam "SF 90 Spraitbach e.V."]

1. Nf3 d5 2. c4 dxc4 3. Qa4+ Nc6 4. e3 Bd7 5. Bxc4 e6 6. Be2 Bd6 7. O-O Nf6 8.
Nc3 a6 9. Ne4 Nxe4 10. Qxe4 f5 11. Qc2 Qe7 12. a3 O-O 13. d4 e5 14. d5 Nd8 15.
e4 f4 16. Bd2 Nf7 17. Qb3 Rab8 18. Bb4 Rfc8 19. Rac1 h6 20. Ba5 c6 21. dxc6
Bxc6 22. Bd3 Kh7 23. Rc2 Ng5 24. Nxg5+ hxg5 25. Be2 g6 26. Qh3+ Kg7 27. Bg4 Rh8
28. Qd3 Bb5 29. Qd5 Bxf1 30. Kxf1 b6 31. Bc3 Rhd8 32. Qc4 a5 33. Qe6 Qxe6 34.
Bxe6 Kf6 35. Bd5 Rbc8 36. Ke2 g4 37. f3 gxf3+ 38. Kxf3 Rh8 39. g3 g5 40. a4 Rc7
41. Rd2 Bc5 42. Bb3 fxg3 43. hxg3 Rg7 44. Kg4 Re7 45. Rd5 Rhe8 46. Bd2 Kg6 47.
Bxg5 Rg7 48. Rd1 Bd4 49. Rh1 Rh7 50. Rf1 Rc7 51. Rf6+ Kg7 52. Kf5 Bxb2 53. Bh6+
Kh7 54. Rxb6 Bd4 55. Ra6 Rb8 56. Bd5 Rb2 57. Bg5 Rf2+ 58. Kg4 Bc3 59. Rh6+ Kg7
60. Rh1 Rb2 61. Rc1 Rc5 62. Be7 Rc7 63. Bd6 Rd7 64. Ba3 Bd4 65. Bxb2 Bxb2 66.
Rc5 Ra7 67. Kf5 Bd4 68. Rc8 Ra6 69. Rg8+ Kh7 70. g4 Ra7 71. g5 Rg7 72. g6+ 1-0

[Event "Int. Stuttgarter Stadtmeisterschaft B"]
[Site "Ditzingen"]
[Date "2019.06.01"]
[Round "5.19"]
[White "Feustel, Andreas"]
[Black "Kabakchiev, Alexander"]
[Result "0-1"]
[WhiteElo "1672"]
[BlackElo "1741"]
[PlyCount "92"]
[EventDate "2019.??.??"]
[WhiteTeam "SV Reutlingen"]
[BlackTeam "DJK Stuttgart-SÃ¼d"]

1. c4 e5 2. Nc3 Nc6 3. g3 Nf6 4. Bg2 Bc5 5. e3 O-O 6. d3 d6 7. Na4 Bb4+ 8. Bd2
Bxd2+ 9. Qxd2 d5 10. cxd5 Nxd5 11. Nf3 Ndb4 12. O-O Qxd3 13. Qxd3 Nxd3 14. Rfd1
e4 15. Nd2 Bg4 16. f3 exf3 17. Nxf3 Rad8 18. Rd2 Bxf3 19. Bxf3 Nde5 20. Rf2
Nxf3+ 21. Rxf3 Rfe8 22. Nc3 a6 23. e4 Rd2 24. Rf2 Rxf2 25. Kxf2 Ne5 26. Rd1 f6
27. h3 Kf7 28. b3 Re7 29. Rd2 Rd7 30. Rc2 c6 31. Re2 b5 32. Rc2 Rd3 33. Nb1 h5
34. Nd2 h4 35. Nf1 Ke6 36. Kg2 Kd6 37. gxh4 Nf3 38. Re2 Nxh4+ 39. Kh2 Nf3+ 40.
Kg2 Ng5 41. Ng3 Ke5 42. h4 Nf3 43. h5 Ng5 44. Kf2 Kf4 45. h6 Rxg3 46. hxg7 Nh3+
0-1

[Event "Int. Stuttgarter Stadtmeisterschaft B"]
[Site "Ditzingen"]
[Date "2019.06.01"]
[Round "5.20"]
[White "Wohlt, Harald"]
[Black "SchÃ¤fer, Tim"]
[Result "0-1"]
[WhiteElo "1619"]
[BlackElo "1731"]
[PlyCount "28"]
[EventDate "2019.??.??"]
[WhiteTeam "Stuttgarter SF 1879"]
[BlackTeam "SC Kirchheim/Teck"]

1. d4 Nf6 2. Bf4 c5 3. d5 d6 4. Nc3 g6 5. e4 Bg7 6. Bd3 O-O 7. Nf3 Bg4 8. h3
Bxf3 9. Qxf3 Qa5 10. O-O Nh5 11. Bd2 Nd7 12. Qd1 a6 13. f4 c4 14. Bxc4 Qc5+ 0-1

[Event "Int. Stuttgarter Stadtmeisterschaft B"]
[Site "Ditzingen"]
[Date "2019.06.01"]
[Round "6.1"]
[White "Jantos, Stefan"]
[Black "Kaufhold, Stephan"]
[Result "0-1"]
[WhiteElo "1887"]
[BlackElo "1827"]
[PlyCount "132"]
[EventDate "2019.??.??"]
[WhiteTeam "SF Oeffingen e.V."]
[BlackTeam "SC BÃ¶blingen 1975 e.V."]

1. e4 c6 2. Bc4 d5 3. Bb3 g6 4. Qf3 Nf6 5. e5 Ne4 6. d4 f6 7. Nd2 Nxd2 8. Bxd2
Bg7 9. Qg3 Bf5 10. Nf3 Nd7 11. Nh4 Be6 12. O-O-O O-O 13. Rhe1 fxe5 14. dxe5 Nc5
15. Bg5 Rf7 16. Qe3 Qb6 17. Nf3 Nxb3+ 18. axb3 Qxe3+ 19. Bxe3 Bg4 20. e6 Rff8
21. Bc5 Bxf3 22. gxf3 Rxf3 23. Rd3 Rxd3 24. cxd3 Bf6 25. Kc2 b6 26. Be3 Kg7 27.
Ra1 d4 28. Bf4 a6 29. b4 b5 30. Kd2 g5 31. Rg1 Kh6 32. Bc7 Kg6 33. h3 Kf5 34.
Re1 h5 35. Re4 Rg8 36. Re1 Rg6 37. Bd8 g4 38. hxg4+ hxg4 39. Ra1 Bh4 40. Bb6
Ke5 41. Re1+ Kd5 42. Bc7 Rxe6 43. Rh1 Bg5+ 44. Kd1 Rh6 45. Re1 Bf6 46. Re4 Rg6
47. Ke2 e5 48. Bb6 g3 49. fxg3 Rxg3 50. Bc5 Bg5 51. Kf2 Rxd3 52. Rg4 Bf4 53.
Ke1 Rg3 54. Rh4 Rg1+ 55. Ke2 Ke4 56. b3 Rg2+ 57. Kf1 Rb2 58. Rh3 Rh2 59. Rxh2
Bxh2 60. Ke2 Bf4 61. Be7 d3+ 62. Kd1 Kf3 63. Bh4 e4 64. Be1 e3 65. Bc3 e2+ 66.
Ke1 Bg3+ 0-1

[Event "Int. Stuttgarter Stadtmeisterschaft B"]
[Site "Ditzingen"]
[Date "2019.06.01"]
[Round "6.2"]
[White "MÃ¼ller, Klaus"]
[Black "Fischer, Dietmar"]
[Result "0-1"]
[WhiteElo "1654"]
[BlackElo "1893"]
[PlyCount "102"]
[EventDate "2019.??.??"]
[WhiteTeam "SV Marbach"]
[BlackTeam "SC BÃ¶blingen 1975 e.V."]

1. e4 c5 2. c3 Nf6 3. e5 Nd5 4. d4 cxd4 5. cxd4 e6 6. Nf3 d6 7. Bb5+ Bd7 8.
Bxd7+ Qxd7 9. O-O Nc6 10. Re1 Rc8 11. a3 Be7 12. Bd2 O-O 13. Nc3 Nxc3 14. Bxc3
d5 15. Rc1 a5 16. Qd2 Ra8 17. Qd3 Rfb8 18. Bd2 h6 19. h4 b5 20. g4 b4 21. Rb1
bxa3 22. bxa3 Qe8 23. h5 Qf8 24. Rxb8 Rxb8 25. Rc1 Rb6 26. a4 Nb4 27. Qb1 Rb8
28. g5 Kh8 29. gxh6 gxh6 30. Kh2 Qg7 31. Rg1 Qh7 32. Qxh7+ Kxh7 33. Rc1 Rb7 34.
Kg3 Nd3 35. Ra1 Bb4 36. Rb1 Rc7 37. Bxb4 Nxb4 38. Rb2 Rc3 39. Kg2 Ra3 40. Nd2
Rxa4 41. Nb3 Nc6 42. Rd2 Rb4 43. Rd3 a4 44. Nc5 Nxd4 45. Nd7 Nf5 46. Rd1 a3 47.
Rc1 Rc4 48. Nf6+ Kh8 49. Rb1 Rc8 50. Rb7 Ra8 51. Rxf7 Ng7 0-1

[Event "Int. Stuttgarter Stadtmeisterschaft B"]
[Site "Ditzingen"]
[Date "2019.06.01"]
[Round "6.3"]
[White "Gheng, Christian"]
[Black "Baumeister, Jürgen"]
[Result "1-0"]
[WhiteElo "1865"]
[BlackElo "1713"]
[PlyCount "49"]
[EventDate "2019.??.??"]
[WhiteTeam "Schach-Kids Bernhausen e.V."]
[BlackTeam "SC Asperg"]

1. e4 c5 2. Nf3 e6 3. d4 cxd4 4. Nxd4 Qb6 5. Nb3 Nc6 6. N1d2 Nf6 7. Nc4 Qc7 8.
Bd3 Nb4 9. e5 Nxd3+ 10. cxd3 Nd5 11. f4 b5 12. Nca5 Bb4+ 13. Bd2 Ne3 14. Qf3
Bxd2+ 15. Kxd2 Nd5 16. Rhc1 Qb6 17. a4 Ba6 18. axb5 Bxb5 19. Nc4 Qb8 20. Nd6+
Ke7 21. Qh5 g6 22. Qg5+ f6 23. exf6+ Nxf6 24. Nxb5 d5 25. Rc7+ 1-0[

[Event "Int. Stuttgarter Stadtmeisterschaft B"]
[Site "Ditzingen"]
[Date "2019.06.01"]
[Round "6.4"]
[White "Abel, Manfred"]
[Black "Stiefelmeyer, Michael"]
[Result "1/2-1/2"]
[WhiteElo "1856"]
[BlackElo "1689"]
[PlyCount "99"]
[EventDate "2019.??.??"]
[WhiteTeam "SK Bietigheim-Bissingen"]
[BlackTeam "SF Nabern"]

1. e4 Nc6 2. Nf3 d6 3. d4 Nf6 4. Nc3 g6 5. Be2 Bg7 6. O-O O-O 7. h3 a6 8. Be3
Re8 9. Qd2 e5 10. dxe5 Nxe5 11. Nxe5 Rxe5 12. Bf3 Bd7 13. Rad1 Bc6 14. Bf4 Re8
15. Rfe1 Nd7 16. Bg5 f6 17. Bh6 Ne5 18. Be2 Re7 19. Bxg7 Kxg7 20. f4 Nf7 21.
Bf3 Qe8 22. Qd4 Rd8 23. Re3 Red7 24. Rde1 Re7 25. h4 h5 26. Kf2 Nh6 27. b3 Rdd7
28. a4 Qf7 29. b4 b6 30. b5 Bb7 31. bxa6 Bxa6 32. Nd5 Re8 33. c4 Bb7 34. Bd1
Bxd5 35. cxd5 Kh7 36. Rg1 f5 37. Rge1 fxe4 38. Rxe4 Rde7 39. g3 Nf5 40. Qd3 Kg7
41. Qc3+ Qf6 42. Rxe7+ Rxe7 43. Rxe7+ Nxe7 44. Qxc7 Qd4+ 45. Ke1 Qe3+ 46. Kf1
Kf7 47. Qxd6 Nf5 48. Qe5 Nxg3+ 49. Kg2 Ne4 50. Qe6+ 1/2-1/2

[Event "Int. Stuttgarter Stadtmeisterschaft B"]
[Site "Ditzingen"]
[Date "2019.06.01"]
[Round "6.5"]
[White "Strauss, Martin"]
[Black "TÃ¶njes, JÃ¼rgen"]
[Result "1/2-1/2"]
[WhiteElo "1709"]
[BlackElo "1839"]
[PlyCount "92"]
[EventDate "2019.??.??"]
[WhiteTeam "SC Sillenbuch"]
[BlackTeam "SF Lilienthal von 1971"]

1. e4 d5 2. Nf3 dxe4 3. Ng5 Bf5 4. Nc3 Nf6 5. Qe2 c6 6. Ngxe4 Nxe4 7. Nxe4 Bxe4
8. Qxe4 Nd7 9. Bc4 Nf6 10. Qf3 e6 11. d3 Be7 12. Bd2 Qc7 13. Bf4 Bd6 14. Bxd6
Qxd6 15. O-O O-O 16. Rfe1 b5 17. Bb3 Rac8 18. c3 Rfd8 19. Rad1 a5 20. d4 a4 21.
Bc2 Qd5 22. Qxd5 cxd5 23. a3 Ne8 24. Bd3 Nd6 25. f3 Nc4 26. Re2 Rb8 27. Rb1 g6
28. Kf2 Rd6 29. h4 h6 30. g4 Kg7 31. f4 Rdb6 32. Kg3 Nd6 33. Kf3 Nc4 34. Rh2
Rh8 35. Rg1 h5 36. g5 Nd6 37. Re2 Re8 38. Rge1 Rbb8 39. Rb1 Kf8 40. Rbe1 Ke7
41. Rb1 Kd7 42. Ree1 Nc4 43. Re2 Na5 44. Rbe1 Nb3 45. Bc2 Na5 46. Bd3 Nc4
1/2-1/2

[Event "Int. Stuttgarter Stadtmeisterschaft B"]
[Site "Ditzingen"]
[Date "2019.06.01"]
[Round "6.6"]
[White "Wallinger, Lukas"]
[Black "Rashba, David"]
[Result "1/2-1/2"]
[WhiteElo "1810"]
[BlackElo "1738"]
[PlyCount "48"]
[EventDate "2019.??.??"]
[WhiteTeam "SV Unterkochen"]
[BlackTeam "SC Sillenbuch"]

1. b4 d5 2. Bb2 c6 3. e3 Nf6 4. Nf3 Bg4 5. Be2 e6 6. a3 Nbd7 7. h3 Bh5 8. O-O
Bg6 9. d3 Be7 10. Nbd2 O-O 11. c4 h6 12. Qb3 Qb6 13. c5 Qc7 14. d4 Ne4 15. b5
cxb5 16. Bxb5 Nb8 17. a4 Nc6 18. Rfc1 Rfb8 19. Qd1 Bh7 20. Ba3 Bf6 21. Nxe4
Bxe4 22. Bd3 Bxd3 23. Qxd3 Qd7 24. Rd1 Na5 1/2-1/2

[Event "Int. Stuttgarter Stadtmeisterschaft B"]
[Site "Ditzingen"]
[Date "2019.06.01"]
[Round "6.7"]
[White "Maier, Lukas"]
[Black "SchÃ¶mbs, Oliver"]
[Result "0-1"]
[WhiteElo "1683"]
[BlackElo "1786"]
[PlyCount "64"]
[EventDate "2019.??.??"]
[WhiteTeam "SV Backnang"]
[BlackTeam "SC Ingersheim e.V."]

1. d4 Nf6 2. c4 g6 3. Nc3 Bg7 4. e4 d6 5. h3 O-O 6. Be3 a6 7. Nf3 Nc6 8. Be2 e5
9. dxe5 dxe5 10. Qc2 Nd4 11. Bxd4 exd4 12. Rd1 c5 13. Nd5 Re8 14. Nxf6+ Bxf6
15. O-O Be6 16. Bd3 h6 17. Nd2 Qd7 18. f4 b5 19. f5 gxf5 20. exf5 Bxc4 21. Bxc4
bxc4 22. Nxc4 Rad8 23. Rd3 Kh7 24. Na5 Qd5 25. Qc4 Re2 26. Rdf3 d3 27. Qxa6 Rg8
28. g4 Bd4+ 29. R3f2 Qf3 30. Qb7 Bxf2+ 31. Rxf2 Qxf2+ 32. Kh1 Qh2# 0-1

[Event "Int. Stuttgarter Stadtmeisterschaft B"]
[Site "Ditzingen"]
[Date "2019.06.01"]
[Round "6.8"]
[White "RÃ¼ger, Alexander"]
[Black "Riepert, Steffen"]
[Result "1/2-1/2"]
[WhiteElo "1782"]
[BlackElo "1704"]
[PlyCount "76"]
[EventDate "2019.??.??"]
[WhiteTeam "SF Pfullingen"]
[BlackTeam "SV NÃ¼rtingen 1920"]

1. d4 Nf6 2. e3 e6 3. Bd3 b6 4. f4 Bb7 5. Nf3 c5 6. Nbd2 Qc7 7. c3 Nc6 8. O-O
Be7 9. a3 d6 10. e4 d5 11. e5 Nd7 12. Qe2 Nf8 13. Rf2 Ng6 14. Nf1 cxd4 15. cxd4
Na5 16. N3d2 Nc6 17. Nb3 O-O 18. g4 f5 19. gxf5 exf5 20. Ne3 Qd7 21. Qh5 Bc8
22. Rf3 Rf7 23. Rh3 Nf8 24. Qf3 Ne6 25. Nxf5 Nexd4 26. Nbxd4 Nxd4 27. Qh5 g6
28. Nxe7+ Rxe7 29. Rg3 Nf5 30. Bxf5 Qxf5 31. Qxf5 Bxf5 32. Bd2 Rc8 33. Rc3 Rec7
34. Rac1 Rxc3 35. Rxc3 Kf7 36. Kf2 Ke7 37. Ke3 Rxc3+ 38. Bxc3 Kd7 1/2-1/2

[Event "Int. Stuttgarter Stadtmeisterschaft B"]
[Site "Ditzingen"]
[Date "2019.06.01"]
[Round "6.9"]
[White "Volk, Oskar"]
[Black "SchÃ¤fer, Daniel"]
[Result "1-0"]
[WhiteElo "1675"]
[BlackElo "1778"]
[PlyCount "93"]
[EventDate "2019.??.??"]
[WhiteTeam "SC Grunbach"]
[BlackTeam "Heilbronner SV"]

1. e4 e5 2. f4 d5 3. exd5 exf4 4. Nf3 Nf6 5. c4 c6 6. dxc6 Nxc6 7. d4 Bd6 8.
Nc3 O-O 9. Be2 b6 10. O-O Bb7 11. d5 Ne7 12. Nd4 g5 13. Kh1 Bc8 14. Bd3 Bg4 15.
Qc2 Be5 16. Nf3 Bxf3 17. Rxf3 Re8 18. Rf1 Ng6 19. g3 Ng4 20. Bxg6 hxg6 21. gxf4
gxf4 22. Bxf4 Qh4 23. Qg2 Bd4 24. Bg3 Qh5 25. Qf3 f6 26. Ne2 Nf2+ 27. Kg2 Rxe2
28. Qxh5 Ng4+ 29. Kf3 Re3+ 30. Kxg4 gxh5+ 31. Kxh5 Kf7 32. Rae1 Rae8 33. Rxe3
Rxe3 34. b3 Re2 35. a4 Re3 36. Rb1 Re4 37. Re1 Rxe1 38. Bxe1 Ke7 39. Kg6 Kd7
40. Bb4 Be5 41. h4 Ke8 42. h5 Bb2 43. h6 a5 44. Bd6 Kd7 45. Bf8 Ke8 46. Bg7 Ke7
47. h7 1-0

[Event "Int. Stuttgarter Stadtmeisterschaft B"]
[Site "Ditzingen"]
[Date "2019.06.01"]
[Round "6.10"]
[White "Kaplunov, Vadym"]
[Black "Schulz, Uwe"]
[Result "1/2-1/2"]
[WhiteElo "1773"]
[BlackElo "1696"]
[PlyCount "52"]
[EventDate "2019.??.??"]
[WhiteTeam "Stuttgarter SF 1879"]
[BlackTeam "SF Heubach"]

1. d4 e6 2. c4 f5 3. Nc3 Nf6 4. g3 Be7 5. Bg2 O-O 6. Nh3 d6 7. O-O Qe8 8. Nf4
c6 9. e3 e5 10. Nd3 Nbd7 11. c5 e4 12. cxd6 Bxd6 13. Nf4 Nb6 14. a4 Bxf4 15.
exf4 a5 16. Re1 Nbd5 17. Be3 Nb4 18. Bf1 Be6 19. Bd2 Qf7 20. Ra3 Rad8 21. Be3
Rd7 22. Qc1 Rfd8 23. Rd1 h5 24. Rd2 h4 25. Qd1 Ng4 26. Qe1 Bb3 1/2-1/2

[Event "Int. Stuttgarter Stadtmeisterschaft B"]
[Site "Ditzingen"]
[Date "2019.06.01"]
[Round "6.11"]
[White "Pocrnic, Josip"]
[Black "Reichardt, Bernd"]
[Result "0-1"]
[WhiteElo "1648"]
[BlackElo "1750"]
[PlyCount "76"]
[EventDate "2019.??.??"]
[WhiteTeam "SF 1954 Conweiler e.V."]
[BlackTeam "SF Markgräflerland e."]

1. c4 c5 2. Nc3 b6 3. Nf3 Bb7 4. e4 g6 5. Be2 Bg7 6. d3 Nc6 7. O-O Nd4 8. Nxd4
cxd4 9. Na4 Rc8 10. b3 Qc7 11. f4 Bc6 12. Nb2 e6 13. a4 Ne7 14. Bf3 f5 15. e5
Bxf3 16. Qxf3 Nc6 17. Bd2 Bf8 18. g4 Bb4 19. Bxb4 Nxb4 20. Rac1 Qc6 21. Kf2
Qxf3+ 22. Kxf3 fxg4+ 23. Kxg4 Rc5 24. Rfe1 Rf8 25. Re4 Nc6 26. Rce1 Ke7 27. h4
Rf5 28. R1e2 h5+ 29. Kg3 a6 30. Kf3 Rf8 31. Kg3 Rb8 32. Rd2 b5 33. axb5 axb5
34. b4 bxc4 35. Nxc4 Rxb4 36. Ree2 Rb3 37. Kf2 Nb4 38. Kf3 Nxd3 0-1

[Event "Int. Stuttgarter Stadtmeisterschaft B"]
[Site "Ditzingen"]
[Date "2019.06.01"]
[Round "6.12"]
[White "Kabakchiev, Alexander"]
[Black "Machaczek, Werner"]
[Result "0-1"]
[WhiteElo "1741"]
[BlackElo "1649"]
[PlyCount "79"]
[EventDate "2019.??.??"]
[WhiteTeam "DJK Stuttgart-SÃ¼d"]
[BlackTeam "SC Tamm 74"]

1. e4 c6 2. d4 d5 3. Nc3 dxe4 4. Nxe4 Nf6 5. Nxf6+ gxf6 6. Nf3 Bf5 7. Bd3 Bg6
8. Bf4 e6 9. Bxg6 hxg6 10. Qd3 Bd6 11. Bxd6 Qxd6 12. O-O-O Na6 13. Rhe1 O-O-O
14. Kb1 Nb4 15. Qa3 Na6 16. Qxd6 Rxd6 17. c4 Nc7 18. h3 Rhd8 19. Kc2 Na6 20.
Rd2 Nc7 21. Red1 b5 22. b3 Kb7 23. Kc3 a5 24. g4 g5 25. Ng1 b4+ 26. Kc2 e5 27.
Ne2 Ne6 28. dxe5 Rxd2+ 29. Rxd2 Rxd2+ 30. Kxd2 fxe5 31. Ke3 Nc5 32. Ng3 a4 33.
bxa4 Kb6 34. Ne4 Nxe4 35. Kxe4 f6 36. Kd3 Ka5 37. c5 Kxa4 38. Kc4 Ka3 39. f3
Ka4 40. Kd3 0-1

[Event "Int. Stuttgarter Stadtmeisterschaft B"]
[Site "Ditzingen"]
[Date "2019.06.01"]
[Round "6.13"]
[White "Zehring, Mathias"]
[Black "Leitherer, Johannes"]
[Result "1/2-1/2"]
[WhiteElo "1857"]
[BlackElo "1695"]
[PlyCount "40"]
[EventDate "2019.??.??"]
[WhiteTeam "SC Waiblingen 1921"]
[BlackTeam "Stuttgarter SF 1879"]

1. e4 c5 2. c3 Nf6 3. e5 Nd5 4. d4 cxd4 5. Nf3 Nc6 6. cxd4 d6 7. exd6 Qxd6 8.
Nc3 Bf5 9. Bd3 Bxd3 10. Qxd3 e6 11. O-O Be7 12. Ne4 Qd8 13. Bd2 O-O 14. a3 Rc8
15. Rac1 Nf6 16. Bf4 Nxd4 17. Qxd4 Bd6 18. Nfg5 g6 19. Be3 Be7 20. Nf3 Qd7
1/2-1/2

[Event "Int. Stuttgarter Stadtmeisterschaft B"]
[Site "Ditzingen"]
[Date "2019.06.01"]
[Round "6.14"]
[White "Oliva, Jan"]
[Black "Grünert, Thomas"]
[Result "1/2-1/2"]
[WhiteElo "1841"]
[BlackElo "1692"]
[PlyCount "21"]
[EventDate "2019.??.??"]
[BlackTeam "SF Illingen"]

1. c4 e5 2. g3 f5 3. d3 Nf6 4. Bg2 c6 5. e4 d6 6. Ne2 Na6 7. Nbc3 Be7 8. O-O
O-O 9. h3 Be6 10. Be3 Qd7 11. Kh2 1/2-1/2

[Event "Int. Stuttgarter Stadtmeisterschaft B"]
[Site "Ditzingen"]
[Date "2019.06.01"]
[Round "6.15"]
[White "Pfeilsticker, Thorsten"]
[Black "Schnepel, Thomas"]
[Result "0-1"]
[WhiteElo "1671"]
[BlackElo "1811"]
[PlyCount "58"]
[EventDate "2019.??.??"]
[WhiteTeam "SV Stuttgart-Wolfbusch 1956 e.V."]
[BlackTeam "SC Pforzheim 1906"]

1. a3 Nf6 2. c4 e5 3. b4 g6 4. Bb2 d6 5. e3 Bg7 6. Be2 O-O 7. d3 c6 8. Nd2 a5
9. Ngf3 axb4 10. axb4 Rxa1 11. Bxa1 Na6 12. Qb1 Re8 13. O-O Bf5 14. e4 Bg4 15.
h3 Bd7 16. Ne1 Nc7 17. Nc2 Ne6 18. Re1 Nf4 19. Nf1 h5 20. Bc3 Nh7 21. Bd2 Qg5
22. g3 Nxh3+ 23. Kh2 Qf6 24. f3 h4 25. g4 Nf4 26. Qd1 Ng5 27. Kh1 Nxe2 28. Bxg5
Qxf3+ 29. Kh2 Qf2+ 0-1

[Event "Int. Stuttgarter Stadtmeisterschaft B"]
[Site "Ditzingen"]
[Date "2019.06.01"]
[Round "6.16"]
[White "Steinmassl, Guido"]
[Black "RÃ¼hl, Volker"]
[Result "1/2-1/2"]
[WhiteElo "1606"]
[BlackElo "1805"]
[PlyCount "101"]
[EventDate "2019.??.??"]
[WhiteTeam "SK e4 Gerlingen"]
[BlackTeam "VfL Sindelfingen"]

1. c4 e5 2. Nc3 Nf6 3. g3 d5 4. cxd5 Nxd5 5. Bg2 Nxc3 6. bxc3 Bc5 7. Nf3 Nc6 8.
O-O O-O 9. d3 Bb6 10. Qc2 h6 11. h3 Be6 12. g4 Qd7 13. e4 Rad8 14. Rd1 f6 15.
Be3 Qf7 16. Nh4 Rd7 17. Nf5 Bxe3 18. Nxe3 Ne7 19. Qa4 a6 20. d4 Rdd8 21. d5 Bc8
22. c4 Ng6 23. Bf1 Nf4 24. f3 Qg6 25. Qc2 Qg5 26. Qf2 f5 27. exf5 Bxf5 28. Nxf5
Rxf5 29. Kh2 Rff8 30. Re1 Ng6 31. Bd3 Nh4 32. Be4 Qf4+ 33. Qg3 Nxf3+ 34. Bxf3
Qxf3 35. Qxf3 Rxf3 36. Rxe5 Rc3 37. Re4 Rf8 38. Kg2 Rff3 39. h4 Rg3+ 40. Kf2
Rh3 41. h5 Rc2+ 42. Kg1 Rg3+ 43. Kf1 Rgg2 44. Re7 Rcf2+ 45. Ke1 Rh2 46. Rxc7
Rb2 47. Rc8+ Kh7 $4 (47... Kf7 48. Rc7+ Kf6 49. g5+ hxg5 $19) 48. Rf8 Rh1+ 49.
Rf1 Rhh2 50. Rf4 Rh1+ 51. Rf1 1/2-1/2

[Event "Int. Stuttgarter Stadtmeisterschaft B"]
[Site "Ditzingen"]
[Date "2019.06.01"]
[Round "6.17"]
[White "Shahisavandi, Abdollah"]
[Black "Schmitz, Harald"]
[Result "1/2-1/2"]
[WhiteElo "1800"]
[BlackElo "1643"]
[PlyCount "61"]
[EventDate "2019.??.??"]
[WhiteTeam "Karlsruher SF 1853"]
[BlackTeam "SC Aidlingen"]

1. e4 e6 2. d4 d5 3. Nd2 c5 4. Bb5+ Nc6 5. dxc5 Bxc5 6. Qe2 a6 7. exd5 Qxd5 8.
Bxc6+ Qxc6 9. Ngf3 Nf6 10. O-O O-O 11. b3 b5 12. c4 b4 13. Bb2 Be7 14. Ne5 Qc7
15. Qf3 Bb7 16. Qh3 Rad8 17. Ndf3 Bxf3 18. Nxf3 Qf4 19. Rad1 Rxd1 20. Rxd1 Rd8
21. Rxd8+ Bxd8 22. Qh4 Qxh4 23. Nxh4 Ne4 24. Nf3 Bf6 25. Bxf6 gxf6 26. Nd4 Nc3
27. Kf1 Nxa2 28. Ke2 e5 29. Nc6 Nc1+ 30. Kf3 Nxb3 31. Nxb4 1/2-1/2

[Event "Int. Stuttgarter Stadtmeisterschaft B"]
[Site "Ditzingen"]
[Date "2019.06.01"]
[Round "6.18"]
[White "Engelhardt, Frank"]
[Black "Chen, Quingzhi Alexander"]
[Result "0-1"]
[WhiteElo "1750"]
[BlackElo "1607"]
[PlyCount "116"]
[EventDate "2019.??.??"]
[WhiteTeam "SC Schachmatt Botnang"]
[BlackTeam "SGem Vaihingen-Rohr"]

1. d4 Nf6 2. Nf3 g6 3. g3 Bg7 4. Bg2 d5 5. O-O b6 6. Nbd2 O-O 7. Re1 Bb7 8. Ne5
Nbd7 9. f4 e6 10. c3 c5 11. b3 Qc7 12. Ba3 Rfd8 13. Rc1 b5 14. Ndf3 c4 15. Ng5
Nxe5 16. fxe5 Ne8 17. Rf1 Rd7 18. Nh3 Rb8 19. Nf4 Ba8 20. e3 a5 21. Bc5 Qc6 22.
Bh3 Bb7 23. Qf3 Rc7 24. Rb1 cxb3 25. Rxb3 Ba6 26. c4 dxc4 27. Rbb1 Qxf3 28.
Rxf3 Bc8 29. Bf1 Bf8 30. Bxf8 Kxf8 31. d5 Kg7 32. d6 Rc5 33. Rf2 Bd7 34. Rc2
Rxe5 35. Rxc4 Rb6 36. Rd4 g5 37. Nd3 Rd5 38. Rxd5 exd5 39. Nc5 Rxd6 40. Nxd7
Rxd7 41. Rxb5 a4 42. Ra5 d4 43. exd4 Rxd4 44. Rxg5+ Kf6 45. Rc5 Rd2 46. Rc6+
Ke5 47. Bc4 Nd6 48. Rc5+ Kd4 49. Rd5+ Kc3 50. Rxd2 Kxd2 51. Bd5 Kc2 52. Kf2 Kb2
53. Kf3 a3 54. Kg4 Nb5 55. Bxf7 Nc3 56. Kf3 Nxa2 57. Ke3 Nc1 58. Kd2 Nb3+ 0-1

[Event "Int. Stuttgarter Stadtmeisterschaft B"]
[Site "Ditzingen"]
[Date "2019.06.01"]
[Round "6.19"]
[White "Michna, Marcus"]
[Black "Rautenberg, Uwe"]
[Result "0-1"]
[WhiteElo "1666"]
[BlackElo "1714"]
[PlyCount "74"]
[EventDate "2019.??.??"]
[WhiteTeam "TSF Ditzingen"]
[BlackTeam "SC Ingersheim e.V."]

1. d4 d6 2. f3 Nf6 3. e4 c6 4. c4 Qc7 5. Nc3 e5 6. d5 c5 7. Be3 Be7 8. Bd3 O-O
9. Nge2 Ne8 10. Qc2 g6 11. O-O a6 12. a4 Ng7 13. f4 exf4 14. Bxf4 Nd7 15. Nc1
Bf6 16. Be3 Be5 17. N1e2 Nf6 18. Kh1 Ng4 19. Bg1 Qe7 20. g3 Qg5 21. Qc1 Qe7 22.
h3 Nf6 23. Kg2 Qd7 24. Nf4 Ngh5 25. Nce2 Nxf4+ 26. Nxf4 Bxf4 27. Qxf4 Qxh3+ 28.
Kf2 Ng4+ 29. Ke1 Ne5 30. Be2 Bg4 31. Bxc5 Bxe2 32. Kxe2 dxc5 33. Qxe5 Rae8 34.
Qf4 Qg2+ 35. Kd3 Qxb2 36. Rab1 Qd4+ 37. Kc2 Rxe4 0-1

[Event "Int. Stuttgarter Stadtmeisterschaft B"]
[Site "Ditzingen"]
[Date "2019.06.01"]
[Round "6.20"]
[White "Schmedemann, JÃ¶rg"]
[Black "Burian, Theodor"]
[Result "1-0"]
[WhiteElo "1617"]
[BlackElo "1709"]
[PlyCount "105"]
[EventDate "2019.??.??"]
[WhiteTeam "SSV Zuffenhausen"]
[BlackTeam "TSF Ditzingen"]

1. e4 c5 2. Nf3 e6 3. d4 cxd4 4. Nxd4 Nf6 5. Nc3 Bb4 6. Bd3 Nc6 7. Nde2 O-O 8.
O-O Ne8 9. Be3 Ne5 10. a3 Nxd3 11. Qxd3 Be7 12. Rfd1 a6 13. Na4 b5 14. Nb6 Rb8
15. Nxd7 Bxd7 16. Qxd7 Nd6 17. Qxd8 Rfxd8 18. Bf4 Rb6 19. f3 f6 20. Be3 Rc6 21.
Nd4 Rcc8 22. Nxe6 Rd7 23. c3 Kf7 24. Nc5 Rdd8 25. Bd4 Rc6 26. Nd3 a5 27. Kf2
Nb7 28. Ke2 h6 29. g3 g5 30. h3 h5 31. g4 hxg4 32. hxg4 Rh8 33. Rh1 Rcc8 34.
Rag1 Bd6 35. Bf2 Be7 36. e5 Kg6 37. exf6 Bxf6 38. Bg3 Rxh1 39. Rxh1 Nc5 40.
Nxc5 Rxc5 41. Rd1 Be5 42. Bxe5 Rxe5+ 43. Kf2 a4 44. Rd4 Rc5 45. f4 gxf4 46.
Rxf4 Rd5 47. Rd4 Re5 48. Kf3 Kg5 49. Re4 Rd5 50. Ke3 Rc5 51. Rb4 Kf6 52. Rf4+
Ke6 53. Rf5 1-0

[Event "Int. Stuttgarter Stadtmeisterschaft B"]
[Site "Ditzingen"]
[Date "2019.06.02"]
[Round "7.1"]
[White "Kaufhold, Stephan"]
[Black "Gheng, Christian"]
[Result "1-0"]
[WhiteElo "1827"]
[BlackElo "1865"]
[PlyCount "53"]
[EventDate "2019.??.??"]
[WhiteTeam "SC BÃ¶blingen 1975 e.V."]
[BlackTeam "Schach-Kids Bernhausen e.V."]

1. d4 Nf6 2. Nf3 e6 3. g3 Be7 4. Bg2 O-O 5. O-O c5 6. c3 Nc6 7. Re1 d5 8. Nbd2
cxd4 9. Nxd4 e5 10. Nxc6 bxc6 11. e4 Bc5 12. Nb3 Bxf2+ 13. Kxf2 Ng4+ 14. Kf1
Qb6 15. Re2 Ba6 16. Ke1 dxe4 17. Bf1 Rad8 18. Qc2 Bd3 19. Qd1 Qg1 20. Nd2 Nxh2
21. Rg2 Qh1 22. Rxh2 Qxh2 23. Qg4 e3 24. Bxd3 exd2+ 25. Bxd2 Rxd3 26. Rd1 Rfd8
27. Qh4 1-0

[Event "Int. Stuttgarter Stadtmeisterschaft B"]
[Site "Ditzingen"]
[Date "2019.06.02"]
[Round "7.2"]
[White "Fischer, Dietmar"]
[Black "Aubel, Stefan"]
[Result "1-0"]
[WhiteElo "1893"]
[BlackElo "1672"]
[PlyCount "39"]
[EventDate "2019.??.??"]
[WhiteTeam "SC BÃ¶blingen 1975 e.V."]
[BlackTeam "SSV Zuffenhausen"]

1. e4 c5 2. Nf3 Nc6 3. d4 cxd4 4. Nxd4 Nf6 5. Nc3 d6 6. Be2 e6 7. Be3 Be7 8.
Qd2 a6 9. f4 Qc7 10. O-O-O O-O 11. g4 e5 12. Nf5 Bxf5 13. exf5 Rad8 14. g5 Ne8
15. Nd5 Qc8 16. Bg4 f6 17. fxe5 Rf7 18. g6 Rf8 19. Bb6 fxe5 20. f6 1-0